La Revalorización del quehacer político /
Salvato in:
| Enti autori: | , |
|---|---|
| Natura: | Sconosciuto |
| Pubblicazione: |
San José:
Asamblea Legislativa
|
| Soggetti: | |
| Tags: |
Aggiungi Tag
Nessun Tag, puoi essere il primo ad aggiungerne!!
|
MARC
| LEADER | 00000 a2200000 04500 | ||
|---|---|---|---|
| 001 | 10477 | ||
| 003 | |||
| 008 | 991231s d | ||
| 040 | |||
| 090 | |a 136505 | ||
| 110 | |a Costa Rica. Asamblea Legislativa | ||
| 245 | |a La Revalorización del quehacer político / |c Costa Rica. Asamblea Legislativa | ||
| 260 | |a San José: |b Asamblea Legislativa | ||
| 300 | |a 260 p | ||
| 650 | |a SISTEMAS POLITICOS | ||
| 650 | |a LIBERALIZACION DEL INTERCAMBIO | ||
| 650 | |a POLITICA | ||
| 650 | |a OPINION PUBLICA | ||
| 650 | |a PARTIDOS POLITICOS | ||
| 650 | |a SOCIEDAD CIVIL | ||
| 650 | |a INSTITUCIONES PUBLICAS | ||
| 650 | |a MEDIOS DE COMUNICACION DE MASAS | ||
| 710 | |a comp | ||
| 999 | |c 17746 |d 17746 | ||
